Science Quiz

Random Science or Letter Quiz

Pick the Anagram: Animals V Quiz Stats

 Plays Quiz not verified by Sporcle

Support Sporcle.
Go Orange.
Score 0/9 Timer 05:00
1 Play Today
% Correct
BRAC
90.6%
NOTYPH
86.5%
EOSOM
85.4%
POOPAPITMSHU
80.9%
LSPTYPUA
77.1%
NEHPLEAT
69.9%
ARMEALANDS
64.3%
EERHOSSA
63.5%
NYACRA
59.7%

You're not logged in!

Compare scores with friends on all Sporcle quizzes.
OR
Log In

From the Vault

NFL Previous Head Coaches

by SteelTownr

I fear that this is one of those quizzes that will require constant updates next fall.
Remove Ads.
Support Sporcle.
Get the best of Sporcle when you Go Orange. This ad-free experience offers more features, more stats, and more fun while also helping to support Sporcle. Thank you for becoming a member.

Show Comments

Extras

Top Quizzes Today


Score Distribution

Your Account Isn't Verified!

In order to create a playlist on Sporcle, you need to verify the email address you used during registration. Go to your Sporcle Settings to finish the process.

Report this User

Report this user for behavior that violates our Community Guidelines.

Details: